HGGSP Quiz-TH1 Espaces de conquêtes - Statistiques

Statistiques générales
  • Ce quiz a été pris 5 611 fois
  • Le résultat moyen est 11 sur 25
Statistiques - réponses
Question Réponse % Correct
date de la Convention de Montego Bay 1982
86%
date de la CNUDM 1982
86%
pays arrivé tardivement dans la conquête spatial qui aujourd'hui est l'un des leader de ce domaine Chine
84%
L'entreprise spatial privée d'Elon Musk lancé en 2002 s'appelle ... Space X
82%
est ce que la Chine est interdite d'ISS ? oui
76%
date du lancement de Spoutnik 1 par les soviétiques 1957
75%
Premier homme à aller dans l'espace le 12 avril 1961 Youri Gagarine
74%
Quel pays marque l'entrée dans la conquête spatiale avec les fusées V2 durant la 2GM ? Allemagne
71%
Nom du 1er homme à avoir marché sur la Lune le 20 juillet 1969 Neil Armstrong
64%
date traité de l'espace 1967
62%
nom du plus gros porte avion français Charles de Gaulle
54%
Qui a dit "We choose to go to the Moon" ? J-F Kennedy
54%
jusqu'ou s'étendent les ZEE ? 200 milles
42%
donner la définition du sigle SNLE Sous-marin nucléaire lanceur d'engin
41%
date du lancement de la station spatiale internationale (ISS) 2000
25%
mot qui désigne l'action de vouloir étendre son territoire ou influence conquête
22%
zone maritime de tensions car 50% du commerce maritime y passe Mer de Chine méridionale
22%
date ou les russes donne accès a MIR aux américains 1993
21%
dictateur chinois à l'origine de son arrivée dans la conquête spatial Deng Xiaoping
17%
qui a organisé la Biodiversity Beyond National Juridiction en 2019 ? ONU
17%
ou a lieu la premiere convention du droit de la mer en 1958 Genève
13%
île ou la Chine pratique le tourisme patriotique Spratleys
13%
Première station spatiale lancé dans l'espace en 1971 Saliout 1
5%
opération spatiale chinoise consistant a explorer la face cachée de la Lune en 2019 Chang4
2%
2 des plus grands ports mondiaux présents dans cette zone Hong-kong Singapour
2%
Aucun quiz correspondant
Distribution des résultats
% des personnes avec chaque résultat
Percentile par nombre de réponses
Votre historique - résultats
Vous n’avez pas pris ce quiz